书目信息 |
| 题名: |
海商法论
|
|
| 作者: | 张湘兰 主编 | |
| 分册: | ||
| 出版信息: | 武汉 武汉大学出版社 2001.07 |
|
| 页数: | 417页 | |
| 开本: | 23cm | |
| 丛书名: | 高等学校法学教材 | |
| 单 册: | ||
| 中图分类: | D996.19 | |
| 科图分类: | ||
| 主题词: | 海商法--hai shang fa--高等学校--教材 | |
| 电子资源: | ||
| ISBN: | 7-307-03174-4 | |
| 000 | 00865nam 2200253 450 | |
| 001 | 012007725000 | |
| 005 | 20071010100207.37 | |
| 010 | @a7-307-03174-4@dCNY35.00 | |
| 100 | @a20050524d2001 km y0chiy0120 ea | |
| 101 | 0 | @achi |
| 102 | @aCN@b420000 | |
| 105 | @ay z 000yy | |
| 200 | 1 | @a海商法论@Ahai shang fa lun@f张湘兰等主编@Fzhang xiang lan deng zhu bian |
| 205 | @a修订版 | |
| 210 | @a武汉@c武汉大学出版社@d2001.07 | |
| 215 | @a417页@d23cm | |
| 225 | 2 | @a高等学校法学教材@Agao deng xue xiao fa xue jiao cai |
| 330 | @a本书包括:船舶的法律制度、船员的法律制度、海上货物运输法律制度、海上旅客及其行李运输法律制度、海上保险法律制度等内容。 | |
| 410 | 0 | @12001 @a高等学校法学教材 |
| 606 | 0 | @a海商法@Ahai shang fa@x高等学校@j教材 |
| 690 | @aD996.19@v4 | |
| 701 | 0 | @a张湘兰@Azhang xiang lan@4主编 |
| 801 | 0 | @aCN@c20071010 |
| 905 | @dD996.19@eZ213 | |
| 海商法论/张湘兰等主编.-修订版.-武汉:武汉大学出版社,2001.07 |
| 417页;23cm.-(高等学校法学教材) |
| ISBN 7-307-03174-4:CNY35.00 |
| 本书包括:船舶的法律制度、船员的法律制度、海上货物运输法律制度、海上旅客及其行李运输法律制度、海上保险法律制度等内容。 |
| ● |
| 相关链接 |
|
|
|
正题名:海商法论
索取号:D996.19/Z213
 
预约/预借
| 序号 | 登录号 | 条形码 | 馆藏地/架位号 | 状态 | 备注 |
| 1 | 240574 | 202405744 | 社科库509/509社科库 110排2列6层/ [索取号:D996.19/Z213] | 在馆 | |
| 2 | 240575 | 202405753 | 社科库509/509社科库 110排2列6层/ [索取号:D996.19/Z213] | 在馆 |